[Event "Olimpiada Calviá 2004"]
[Site "Calviá ESP"]
[Date "2004.10.22"]
[Round "7.18"]
[White "Sadvakasov, Darmen"]
[Black "Rozentalis, Eduardas"]
[Result "1-0"]
[WhiteElo "2631"]
[BlackElo "2595"]
[PlyCount "85"]
[EventDate "2004.10.15"]
[EventType "team"]
[EventRounds "14"]
[EventCountry "ESP"]
[Source "lmi"]
[SourceDate "2004.10.27"]

1. e4 e5 2. Nf3 Nf6 3. Nxe5 d6 4. Nf3 Nxe4 5. d4 d5 6. Bd3 Bd6 7. O-O O-O 8.
Re1 Bg4 9. Bxe4 dxe4 10. Rxe4 f5 11. Re1 Nc6 12. c3 Qf6 13. Nbd2 Rae8 14. Rf1
Qg6 15. Nc4 f4 16. Kh1 Qh5 17. b4 Re6 18. Ncd2 Rfe8 19. Qb3 Kf8 20. d5 Ne5 21.
dxe6 Nxf3 22. Nxf3 Bxf3 23. c4 Be2 24. Rg1 Rxe6 25. c5 Rh6 26. h3 Be5 27. Rb1
Bb5 28. Re1 Qf5 29. Qd5 Rh5 30. Qxb7 Rxh3+ 31. Kg1 f3 32. Rxe5 Qxe5 33. Qc8+
Kf7 34. Qxh3 Qe1+ 35. Kh2 fxg2 36. Qf3+ Kg8 37. Qd5+ Kf8 38. Kxg2 Qf1+ 39. Kg3
Qg1+ 40. Qg2 Qe1 41. Qf3+ Kg8 42. Qd5+ Kf8 43. c6 1-0

[Event "Olimpiada Calviá 2004"]
[Site "Calviá ESP"]
[Date "2004.10.22"]
[Round "7.18"]
[White "Kveinys, Aloyzas"]
[Black "Ibraev, Nurlan"]
[Result "1-0"]
[WhiteElo "2531"]
[BlackElo "2476"]
[PlyCount "77"]
[EventDate "2004.10.15"]
[EventType "team"]
[EventRounds "14"]
[EventCountry "ESP"]
[Source "lmi"]
[SourceDate "2004.10.27"]

1. e4 c5 2. Nf3 d6 3. d4 cxd4 4. Nxd4 Nf6 5. Nc3 a6 6. Bc4 e6 7. Bb3 b5 8. Bg5
Be7 9. Qf3 Qc7 10. O-O-O O-O 11. Rhe1 Bd7 12. Qg3 b4 13. Na4 Qa5 14. e5 Nh5 15.
Qh4 Bxg5+ 16. Qxg5 Bxa4 17. Qxh5 Nd7 18. Rd3 dxe5 19. Rh3 h6 20. Rg3 Kh8 21.
Ree3 Nf6 22. Qxe5 Qxe5 23. Rxe5 Bd7 24. Ra5 Rfc8 25. Re3 Be8 26. f3 Nd7 27. Ba4
Nb6 28. Bxe8 Nc4 29. Bc6 Nxa5 30. Bxa8 Rxa8 31. b3 Rd8 32. Re5 Nc4 33. Nxe6
fxe6 34. bxc4 Rd6 35. c5 Rc6 36. Kb2 Kg8 37. Kb3 Kf7 38. Kxb4 Kf6 39. Re3 1-0

[Event "Olimpiada Calviá 2004"]
[Site "Calviá ESP"]
[Date "2004.10.22"]
[Round "7.18"]
[White "Gnusarev, Petr"]
[Black "Zagorskis, Darius"]
[Result "1-0"]
[WhiteElo "2357"]
[BlackElo "2486"]
[PlyCount "89"]
[EventDate "2004.10.15"]
[EventType "team"]
[EventRounds "14"]
[EventCountry "ESP"]
[Source "lmi"]
[SourceDate "2004.10.27"]

1. d4 Nf6 2. c4 e6 3. Nf3 Bb4+ 4. Bd2 Qe7 5. g3 Nc6 6. Nc3 Bxc3 7. Bxc3 Ne4 8.
Rc1 d6 9. d5 Nxc3 10. Rxc3 Nd8 11. Bg2 O-O 12. Qc2 c5 13. dxe6 Bxe6 14. O-O Nc6
15. Qd2 Rad8 16. Ng5 Bf5 17. Nh3 Bxh3 18. Bxh3 Nd4 19. Re3 Qc7 20. Bg2 Rfe8 21.
Rxe8+ Rxe8 22. e3 Ne6 23. Rd1 Rd8 24. Qc3 b6 25. Rd5 Qe7 26. h4 Nc7 27. Rd3 Ne6
28. a3 Qc7 29. Bd5 Qe7 30. b4 Nc7 31. Bg2 Ne6 32. Qd2 Kf8 33. Qb2 h6 34. b5 Nc7
35. Qc3 Ne8 36. a4 Qc7 37. a5 bxa5 38. Qa1 Nf6 39. Ra3 d5 40. cxd5 Nxd5 41.
Rxa5 Qb6 42. Rxa7 Qxb5 43. Ra8 Qd7 44. Rxd8+ Qxd8 45. Qd1 1-0

[Event "Olimpiada Calviá 2004"]
[Site "Calviá ESP"]
[Date "2004.10.22"]
[Round "7.18"]
[White "Butnorius, Algimantas"]
[Black "Kuderinov, Kirill"]
[Result "0-1"]
[WhiteElo "2429"]
[BlackElo "2323"]
[PlyCount "106"]
[EventDate "2004.10.15"]
[EventType "team"]
[EventRounds "14"]
[EventCountry "ESP"]
[Source "lmi"]
[SourceDate "2004.10.27"]

1. d4 Nf6 2. Nf3 g6 3. c4 Bg7 4. g3 O-O 5. Bg2 d6 6. O-O Nc6 7. Nc3 Bf5 8. b3
Ne4 9. Bb2 Nxc3 10. Bxc3 Be4 11. Qd2 d5 12. Rfd1 a5 13. Qe1 Qd6 14. Ne5 Bxg2
15. Kxg2 Rad8 16. Nxc6 Qxc6 17. cxd5 Qxd5+ 18. e4 Qe6 19. Rac1 c6 20. d5 Bxc3
21. Rxc3 cxd5 22. exd5 Rxd5 23. Qxe6 fxe6 24. Rxd5 exd5 25. Rc7 Kf7 26. Rxb7 a4
27. Kf3 axb3 28. axb3 Ra8 29. h4 h6 30. Ke3 g5 31. hxg5 hxg5 32. b4 Kf6 33. b5
Ra1 34. b6 g4 35. Rb8 Ke5 36. b7 Rb1 37. Kd2 Kd4 38. Kc2 Rb6 39. Rg8 Rxb7 40.
Rxg4+ Kc5 41. Rg7 Kc4 42. f4 d4 43. Rg8 d3+ 44. Kd2 Rb2+ 45. Kd1 e5 46. fxe5
Kd4 47. Kc1 Rc2+ 48. Kb1 Rc7 49. Rd8+ Ke3 50. e6 d2 51. Rd5 Ke2 52. Re5+ Kf2
53. Rd5 Rc1+ 0-1

[Event "Olimpiada Calviá 2004"]
[Site "Calviá ESP"]
[Date "2004.10.22"]
[Round "7.22"]
[White "Bluvshtein, Mark"]
[Black "Cvitan, Ognjen"]
[Result "1-0"]
[WhiteElo "2502"]
[BlackElo "2532"]
[PlyCount "107"]
[EventDate "2004.10.15"]
[EventType "team"]
[EventRounds "14"]
[EventCountry "ESP"]
[Source "lmi"]
[SourceDate "2004.10.27"]

1. d4 Nf6 2. c4 g6 3. Nc3 Bg7 4. e4 d6 5. Nf3 O-O 6. Be2 c5 7. d5 e6 8. O-O Re8
9. h3 exd5 10. exd5 Bf5 11. Nh4 Bd7 12. Bd3 b5 13. Nxb5 Bxb5 14. cxb5 Nbd7 15.
Nf3 Nb6 16. a4 Nbxd5 17. Bd2 Rc8 18. Bc4 Nb6 19. Ba2 d5 20. a5 Nbd7 21. Be3 Ne5
22. Bg5 c4 23. Nxe5 Rxe5 24. Be3 Rxe3 25. fxe3 Qxa5 26. Bxc4 Qb6 27. Bxd5 Rd8
28. Bxf7+ Kxf7 29. Qb3+ Kf8 30. Ra6 Qc7 31. Raxf6+ Bxf6 32. Qe6 Kg7 33. Qxf6+
Kg8 34. Qe6+ Kg7 35. Kh1 Kh6 36. Qf6 Qd6 37. Qh4+ Kg7 38. Qc4 Rd7 39. Qc3+ Kh6
40. e4 Qd4 41. Qc1+ Qd2 42. Qc8 Rd8 43. Qc5 Qxb2 44. Qe3+ Kg7 45. Qxa7+ Kh6 46.
Qe3+ Kg7 47. Qb6 Rd7 48. Qb8 Qb4 49. Qe5+ Kh6 50. Qf4+ Kg7 51. Qf6+ Kh6 52. Rf4
Rd1+ 53. Kh2 Qd6 54. e5 1-0

[Event "Olimpiada Calviá 2004"]
[Site "Calviá ESP"]
[Date "2004.10.22"]
[Round "7.22"]
[White "Stevic, Hrvoje"]
[Black "Zugic, Igor"]
[Result "0-1"]
[WhiteElo "2539"]
[BlackElo "2479"]
[PlyCount "74"]
[EventDate "2004.10.15"]
[EventType "team"]
[EventRounds "14"]
[EventCountry "ESP"]
[Source "lmi"]
[SourceDate "2004.10.27"]

1. e4 c5 2. c3 d6 3. d4 Nf6 4. Bd3 g6 5. Nf3 Bg7 6. O-O O-O 7. h3 Qc7 8. Qe2 e5
9. dxe5 dxe5 10. a4 Nc6 11. Na3 b6 12. Rd1 h6 13. Be3 Be6 14. Nd2 Rad8 15. Bc4
Bc8 16. Qf3 Kh7 17. Ba2 Nh5 18. Nb5 Qe7 19. Bd5 Bb7 20. Nc4 Nf6 21. Rd2 Nxd5
22. exd5 Nd4 23. Qd1 Bxd5 24. cxd4 exd4 25. Nba3 dxe3 26. fxe3 Bc6 27. Rxd8
Rxd8 28. Qc2 Be4 29. Qf2 Qe6 30. Rc1 Rd5 31. h4 Qg4 32. Nd2 Rf5 33. Nxe4 Rxf2
34. Nxf2 Qxa4 35. Nc4 b5 36. Nd6 Bxb2 37. Rxc5 Qa1+ 0-1

[Event "Olimpiada Calviá 2004"]
[Site "Calviá ESP"]
[Date "2004.10.22"]
[Round "7.23"]
[White "Fedorov, Alexei"]
[Black "Galego, Luis"]
[Result "1-0"]
[WhiteElo "2619"]
[BlackElo "2515"]
[PlyCount "71"]
[EventDate "2004.10.15"]
[EventType "team"]
[EventRounds "14"]
[EventCountry "ESP"]
[Source "lmi"]
[SourceDate "2004.10.27"]

1. e4 c5 2. Nf3 e6 3. d4 cxd4 4. Nxd4 a6 5. Nc3 Qc7 6. Bd3 Nf6 7. Qe2 d6 8. f4
b5 9. e5 b4 10. Ncb5 axb5 11. exf6 gxf6 12. Bd2 Qb6 13. Bxb5+ Bd7 14. Qc4 Bxb5
15. Qxb5+ Qxb5 16. Nxb5 Ra5 17. a4 Nc6 18. c3 d5 19. Ke2 Kd7 20. Rhc1 Be7 21.
cxb4 Raa8 22. Rxc6 Kxc6 23. Rc1+ Kd7 24. Rc7+ Kd8 25. Rb7 Re8 26. Na7 Bd6 27.
b5 Re7 28. Nc6+ Kc8 29. Rxe7 Bxe7 30. Nxe7+ Kd7 31. Nc6 Rxa4 32. g3 e5 33. b3
Re4+ 34. Kd3 Kc7 35. fxe5 fxe5 36. Nxe5 1-0

[Event "Olimpiada Calviá 2004"]
[Site "Calviá ESP"]
[Date "2004.10.22"]
[Round "7.23"]
[White "Pinheiro, Jose"]
[Black "Azarov, Sergei"]
[Result "1-0"]
[WhiteElo "2310"]
[BlackElo "2556"]
[PlyCount "117"]
[EventDate "2004.10.15"]
[EventType "team"]
[EventRounds "14"]
[EventCountry "ESP"]
[Source "lmi"]
[SourceDate "2004.10.27"]

1. d4 Nf6 2. Nf3 e6 3. e3 b6 4. Bd3 Bb7 5. O-O c5 6. c4 Be7 7. Nc3 cxd4 8. exd4
O-O 9. d5 Na6 10. Bf4 d6 11. dxe6 fxe6 12. Qe2 Nc5 13. Bc2 Nh5 14. Bg3 Bf6 15.
Ne4 Nxg3 16. hxg3 Bxe4 17. Bxe4 Nxe4 18. Qxe4 Bxb2 19. Qxe6+ Kh8 20. Rad1 Ba3
21. Rd5 Qf6 22. Qe4 Rae8 23. Qd3 Bc5 24. Qd2 Re4 25. Qc2 Re7 26. Ng5 Qg6 27.
Qxg6 hxg6 28. Rd2 Rf5 29. Nf3 Re4 30. Rc2 d5 31. Nh4 Rg5 32. cxd5 Rxd5 33.
Nxg6+ Kh7 34. Nf4 Rd6 35. Nh3 Kh6 36. Kh2 Rd3 37. f3 Re5 38. g4 Red5 39. Re1
Rd1 40. Re6+ Kh7 41. f4 g6 42. Ng5+ Kg7 43. Ne4 R1d4 44. Re2 Bb4 45. g5 Rf5 46.
g3 Rfd5 47. Kh3 Rd3 48. Kg4 Ra3 49. Rc2 Bc5 50. Rh2 Rdd3 51. Rh6 Rxa2 52.
Rhxg6+ Kf7 53. Rgf6+ Kg7 54. Rc6 Rd7 55. Rh6 Rf7 56. Nf6 Ra4 57. Rh7+ Kg6 58.
Rh1 Kg7 59. Kf5 1-0

[Event "Olimpiada Calviá 2004"]
[Site "Calviá ESP"]
[Date "2004.10.22"]
[Round "7.23"]
[White "Dydyshko, Viacheslav"]
[Black "Vitor, Antonio"]
[Result "1-0"]
[WhiteElo "2581"]
[BlackElo "2319"]
[PlyCount "68"]
[EventDate "2004.10.15"]
[EventType "team"]
[EventRounds "14"]
[EventCountry "ESP"]
[Source "lmi"]
[SourceDate "2004.10.27"]

1. d4 e6 2. c4 b6 3. a3 Bb7 4. Nc3 Nf6 5. d5 Bd6 6. Nf3 O-O 7. Bg5 h6 8. Bh4
Be7 9. Bg3 d6 10. e4 e5 11. Nd2 c6 12. Be2 a6 13. O-O b5 14. b4 bxc4 15. Nxc4
cxd5 16. exd5 Nbd7 17. Na5 Qb6 18. Rc1 Rfc8 19. Qd3 Qa7 20. Bf3 Rab8 21. Rc2
Qd4 22. Qxd4 exd4 23. Re2 Ne5 24. Bxe5 dxe5 25. Nxb7 Rxb7 26. d6 Ra7 27. dxe7
dxc3 28. Rxe5 Re8 29. Rc5 Rexe7 30. Rxc3 Ne4 31. Rc8+ Kh7 32. Rd1 f5 33. h4 g5
34. hxg5 hxg5 1-0

[Event "Olimpiada Calviá 2004"]
[Site "Calviá ESP"]
[Date "2004.10.22"]
[Round "7.23"]
[White "Costa, Joao Guerra"]
[Black "Zhigalko, Andrey"]
[Result "0-1"]
[WhiteElo "2284"]
[BlackElo "2515"]
[PlyCount "72"]
[EventDate "2004.10.15"]
[EventType "team"]
[EventRounds "14"]
[EventCountry "ESP"]
[Source "lmi"]
[SourceDate "2004.10.27"]

1. e4 c5 2. Nf3 d6 3. d4 cxd4 4. Nxd4 Nf6 5. Nc3 a6 6. Bg5 Nc6 7. Qd2 e6 8.
O-O-O Nxd4 9. Qxd4 Be7 10. h4 b5 11. f3 Bb7 12. g4 Rc8 13. Kb1 Qc7 14. Bd3 Qc5
15. Ne2 Qxd4 16. Nxd4 Nd7 17. Nb3 Ne5 18. Be2 d5 19. Na5 Ba8 20. Bxe7 Kxe7 21.
exd5 Bxd5 22. Rhf1 Ng6 23. h5 Nf4 24. Bd3 g6 25. h6 Kf6 26. Be4 Kg5 27. Nb7 Rc7
28. Nd6 Rd8 29. Bxd5 Rxd6 30. Be4 Rxd1+ 31. Rxd1 f5 32. gxf5 exf5 33. Ba8 Kxh6
34. Rd6 Kg5 35. c3 h5 36. Kc2 h4 0-1

[Event "Olimpiada Calviá 2004"]
[Site "Calviá ESP"]
[Date "2004.10.22"]
[Round "7.25"]
[White "Nielsen, Peter Heine"]
[Black "Mateo, Ramon"]
[Result "1-0"]
[WhiteElo "2663"]
[BlackElo "2453"]
[PlyCount "89"]
[EventDate "2004.10.15"]
[EventType "team"]
[EventRounds "14"]
[EventCountry "ESP"]
[Source "lmi"]
[SourceDate "2004.10.27"]

1. e4 c5 2. Nf3 a6 3. Nc3 e6 4. d4 cxd4 5. Nxd4 d6 6. Be3 Nf6 7. f3 Qc7 8. g4
Nc6 9. Qd2 Be7 10. O-O-O h6 11. h4 Bd7 12. Rg1 Nxd4 13. Bxd4 g5 14. hxg5 hxg5
15. Qxg5 e5 16. Qg7 Rg8 17. Nd5 Qxc2+ 18. Kxc2 Rc8+ 19. Bc3 Rxg7 20. Nxf6+ Bxf6
21. Rxd6 Be7 22. Rh6 Bc5 23. Rh8+ Ke7 24. Rgh1 Bd6 25. Rxc8 Bxc8 26. Bc4 Be6
27. Kd3 Bxc4+ 28. Kxc4 Ke6 29. Bb4 Bc7 30. Rh8 f6 31. a4 Rd7 32. Bc3 Bd8 33. g5
fxg5 34. Re8+ Be7 35. Bb4 Rc7+ 36. Kb3 Kf7 37. Rxe7+ Rxe7 38. Bxe7 Kxe7 39. Kc4
Kd6 40. a5 Kc6 41. b3 Kd6 42. b4 Kc6 43. b5+ axb5+ 44. Kb4 b6 45. a6 1-0

[Event "Olimpiada Calviá 2004"]
[Site "Calviá ESP"]
[Date "2004.10.22"]
[Round "7.25"]
[White "Alvarado, Nelson"]
[Black "Palo, Davor"]
[Result "1/2-1/2"]
[WhiteElo "2290"]
[BlackElo "2526"]
[PlyCount "115"]
[EventDate "2004.10.15"]
[EventType "team"]
[EventRounds "14"]
[EventCountry "ESP"]
[Source "lmi"]
[SourceDate "2004.10.27"]

1. e4 c6 2. d4 d5 3. Nd2 dxe4 4. Nxe4 Bf5 5. Ng3 Bg6 6. h4 h6 7. f4 e6 8. Nf3
Bd6 9. h5 Bh7 10. Bd3 Bxd3 11. Qxd3 Nf6 12. Bd2 Nbd7 13. O-O-O Qc7 14. Ne5 Rd8
15. Qe2 O-O 16. Ne4 Nxe4 17. Qxe4 Nf6 18. Qe2 c5 19. dxc5 Qxc5 20. Kb1 Bxe5 21.
fxe5 Nd5 22. g4 Ne7 23. g5 hxg5 24. h6 gxh6 25. Rxh6 Ng6 26. Rdh1 Rxd2 27. Qxd2
Qxe5 28. R6h5 Qf4 29. Qg2 g4 30. Rf1 Rd8 31. Rhh1 Rd2 32. Qxb7 Rf2 33. Qc8+ Kg7
34. Qc3+ e5 35. Re1 g3 36. Rhg1 g2 37. a3 Qd2 38. Qb3 Qf4 39. Qc3 Rf3 40. Qc6
Nh4 41. Ka2 Rf2 42. Qc5 Qd4 43. Qxd4 exd4 44. Re4 Ng6 45. Rg4 Rxc2 46. Kb3 Rc6
47. R1xg2 f5 48. Rxd4 Kf6 49. a4 Ne5 50. Rf4 Nd3 51. Rh4 Nc5+ 52. Ka3 Ne6 53.
Rh6+ Ke5 54. Re2+ Kd5 55. Rd2+ Ke5 56. Re2+ Kd5 57. Rd2+ Ke5 58. Re2+ 1/2-1/2

[Event "Olimpiada Calviá 2004"]
[Site "Calviá ESP"]
[Date "2004.10.22"]
[Round "7.25"]
[White "Schandorff, Lars"]
[Black "Puntier, William"]
[Result "1-0"]
[WhiteElo "2510"]
[BlackElo "2255"]
[PlyCount "128"]
[EventDate "2004.10.15"]
[EventType "team"]
[EventRounds "14"]
[EventCountry "ESP"]
[Source "lmi"]
[SourceDate "2004.10.27"]

1. Nf3 f5 2. d4 Nf6 3. g3 g6 4. Bg2 Bg7 5. O-O O-O 6. b4 d6 7. Bb2 c6 8. c4 e5
9. dxe5 Ng4 10. Qb3 Nxe5 11. c5+ Nf7 12. Bxg7 Kxg7 13. cxd6 Qxd6 14. Nc3 Qf6
15. Rfd1 Be6 16. Qc2 Na6 17. Nd4 Bc4 18. Na4 b5 19. a3 f4 20. Nc3 Ng5 21. Nf3
Nxf3+ 22. Bxf3 Rae8 23. Ne4 Qf5 24. g4 Qe6 25. Nd6 Rd8 26. Nxc4 bxc4 27. Rac1
c5 28. Qc3+ Kf7 29. b5 Nc7 30. a4 g5 31. Qc2 Kg7 32. Rxd8 Rxd8 33. Qxc4 Rd1+
34. Kg2 Qxc4 35. Rxc4 Ne6 36. a5 Rb1 37. Bd5 Nd4 38. Rxc5 f3+ 39. Bxf3 Ne6 40.
Be4 Rb3 41. Rc1 Rxb5 42. Bf5 Nc5 43. Ra1 a6 44. Ra3 Nb7 45. Re3 Nd6 46. Bd3
Rxa5 47. Re7+ Kf6 48. Rxh7 Nf7 49. h4 Ra4 50. hxg5+ Nxg5 51. Rh6+ Ke5 52. Kg3
Ne6 53. Rh5+ Kd6 54. Rf5 Ra3 55. g5 Nc5 56. Kg4 Nxd3 57. exd3 Ra1 58. Rf6+ Ke7
59. f4 a5 60. Ra6 a4 61. Kf5 a3 62. Ra7+ Kd6 63. Kf6 a2 64. f5 Rg1 1-0

[Event "Olimpiada Calviá 2004"]
[Site "Calviá ESP"]
[Date "2004.10.22"]
[Round "7.26"]
[White "Van Der Stricht, Geert"]
[Black "Johansen, Darryl K"]
[Result "1/2-1/2"]
[WhiteElo "2413"]
[BlackElo "2483"]
[PlyCount "46"]
[EventDate "2004.10.15"]
[EventType "team"]
[EventRounds "14"]
[EventCountry "ESP"]
[Source "lmi"]
[SourceDate "2004.10.27"]

1. d4 e6 2. c4 Nf6 3. Nf3 Bb4+ 4. Bd2 a5 5. g3 b6 6. Bg2 Bb7 7. O-O O-O 8. Bg5
Be7 9. Nc3 Ne4 10. Nxe4 Bxe4 11. Bxe7 Qxe7 12. Ne1 Bxg2 13. Nxg2 d6 14. e4 e5
15. Ne3 Nc6 16. Nf5 Qf6 17. d5 Ne7 18. Nxe7+ Qxe7 19. Qd3 Rae8 20. b3 g6 21. a3
f5 22. b4 Ra8 23. Kg2 Qd7 1/2-1/2

[Event "Olimpiada Calviá 2004"]
[Site "Calviá ESP"]
[Date "2004.10.22"]
[Round "7.26"]
[White "Solomon, Stephen J"]
[Black "Van Beers, Eddy"]
[Result "1/2-1/2"]
[WhiteElo "2435"]
[BlackElo "2383"]
[PlyCount "59"]
[EventDate "2004.10.15"]
[EventType "team"]
[EventRounds "14"]
[EventCountry "ESP"]
[Source "lmi"]
[SourceDate "2004.10.27"]

1. e4 c5 2. Nf3 d6 3. Bb5+ Nd7 4. d4 Ngf6 5. Nc3 cxd4 6. Qxd4 a6 7. Bxd7+ Nxd7
8. O-O Qb6 9. b3 Qxd4 10. Nxd4 e6 11. a4 b6 12. Bb2 Bb7 13. Rad1 Be7 14. Nf3
Rc8 15. Nd2 Nf6 16. Rfe1 d5 17. exd5 Nxd5 18. Nxd5 Bxd5 19. c4 Bc6 20. Ne4 O-O
21. Nd6 Rcd8 22. Ba3 Rd7 23. Rd3 Rfd8 24. Red1 Be4 25. R3d2 Bg5 26. Re2 Bc6 27.
Rd4 Bf6 28. Rd1 Bg5 29. Rd4 Bf6 30. Rd1 1/2-1/2

[Event "Olimpiada Calviá 2004"]
[Site "Calviá ESP"]
[Date "2004.10.22"]
[Round "7.27"]
[White "Ghaem Maghami, Ehsan"]
[Black "Agdestein, Simen"]
[Result "0-1"]
[WhiteElo "2558"]
[BlackElo "2589"]
[PlyCount "72"]
[EventDate "2004.10.15"]
[EventType "team"]
[EventRounds "14"]
[EventCountry "ESP"]
[Source "lmi"]
[SourceDate "2004.10.27"]

1. c4 e5 2. Nc3 Nc6 3. Nf3 f5 4. d4 e4 5. d5 exf3 6. dxc6 fxg2 7. cxd7+ Qxd7 8.
Bxg2 Qxd1+ 9. Kxd1 c6 10. Kc2 Nf6 11. Bf4 Bc5 12. e3 Be6 13. b3 O-O-O 14. h3
Nh5 15. Be5 Rhe8 16. Bf3 Bf7 17. Bh2 g5 18. Rad1 Bg6 19. Kb2 Bf8 20. Ne2 Nf6
21. Rhg1 Ne4 22. Bxe4 fxe4 23. Rxd8+ Rxd8 24. Kc2 Bb4 25. Nc3 Rf8 26. Bg3 Be7
27. Rh1 Bh5 28. h4 Bf3 29. Rh2 g4 30. h5 Rf5 31. Nb1 Be2 32. Bf4 b5 33. Nd2
Bd3+ 34. Kd1 b4 35. h6 Ra5 36. Rg2 Bf6 0-1

[Event "Olimpiada Calviá 2004"]
[Site "Calviá ESP"]
[Date "2004.10.22"]
[Round "7.27"]
[White "Johannessen, Leif Erlend"]
[Black "Mahjoob, Morteza"]
[Result "0-1"]
[WhiteElo "2519"]
[BlackElo "2455"]
[PlyCount "124"]
[EventDate "2004.10.15"]
[EventType "team"]
[EventRounds "14"]
[EventCountry "ESP"]
[Source "lmi"]
[SourceDate "2004.10.27"]

1. e4 c5 2. Nf3 e6 3. d4 cxd4 4. Nxd4 a6 5. Bd3 Qb6 6. c3 d6 7. O-O Nf6 8. Be3
Qc7 9. c4 g6 10. Nc3 Bg7 11. Rc1 O-O 12. b4 Nbd7 13. a3 b6 14. f3 Ne5 15. Be2
Bb7 16. Qd2 Rac8 17. Na4 Ned7 18. Nb3 Rfd8 19. Rfd1 Bf8 20. Bf1 Bc6 21. Nc3 Qb8
22. Qf2 Be7 23. Kh1 Re8 24. Rb1 Ba8 25. Rdc1 d5 26. exd5 exd5 27. c5 b5 28. a4
bxa4 29. Na5 Ne5 30. Bd4 Nc4 31. Nxa4 Na3 32. Rb3 Nb5 33. Bxb5 Qxb5 34. Nb6
Qxb6 35. cxb6 Rxc1+ 36. Qg1 Rxg1+ 37. Kxg1 Rb8 38. b7 Bxb7 39. Be5 Rc8 40. Nxb7
Nd7 41. Rc3 Rxc3 42. Bxc3 Nb8 43. Na5 Bd8 44. Nb3 Nc6 45. Nc1 Bb6+ 46. Kf1 Kf8
47. Nd3 Ke7 48. Ke2 Kd6 49. Kd1 d4 50. Bd2 Kd5 51. Kc2 Ne5 52. Nxe5 Kxe5 53.
Kd3 Kd5 54. Be1 Bc7 55. h3 Bf4 56. Bf2 Be3 57. Bg3 f5 58. Bb8 Bf2 59. Ke2 Bh4
60. Kd3 Be1 61. Ba7 Bxb4 62. Bxd4 a5 0-1

[Event "Olimpiada Calviá 2004"]
[Site "Calviá ESP"]
[Date "2004.10.22"]
[Round "7.27"]
[White "Moradiabadi, Elshan"]
[Black "Ostenstad, Berge"]
[Result "1/2-1/2"]
[WhiteElo "2445"]
[BlackElo "2506"]
[PlyCount "57"]
[EventDate "2004.10.15"]
[EventType "team"]
[EventRounds "14"]
[EventCountry "ESP"]
[Source "lmi"]
[SourceDate "2004.10.27"]

1. Nf3 Nf6 2. c4 e6 3. Nc3 d5 4. d4 Be7 5. Bg5 O-O 6. e3 Nbd7 7. cxd5 exd5 8.
Bd3 c6 9. Qc2 Re8 10. O-O Nf8 11. Rab1 a5 12. Rbe1 Ne4 13. Bxe4 Bxg5 14. Nxg5
Qxg5 15. f4 Qf6 16. Bd3 b5 17. f5 b4 18. Nd1 Ba6 19. Nf2 Nd7 20. Bxa6 Rxa6 21.
Qd3 c5 22. dxc5 Nxc5 23. Qxd5 Re5 24. Qc4 h5 25. e4 Ra8 26. Qe2 Rae8 27. Qf3
Qb6 28. Kh1 Qb5 29. Kg1 1/2-1/2

[Event "Olimpiada Calviá 2004"]
[Site "Calviá ESP"]
[Date "2004.10.22"]
[Round "7.27"]
[White "Lie, Kjetil A"]
[Black "Ghane, Shojaat"]
[Result "1-0"]
[WhiteElo "2474"]
[BlackElo "2376"]
[PlyCount "107"]
[EventDate "2004.10.15"]
[EventType "team"]
[EventRounds "14"]
[EventCountry "ESP"]
[Source "lmi"]
[SourceDate "2004.10.27"]

1. c4 c6 2. g3 d5 3. Bg2 Nf6 4. Nf3 dxc4 5. Qc2 Qd5 6. Nc3 Qa5 7. b3 Be6 8.
bxc4 Bxc4 9. Rb1 Ba6 10. O-O e6 11. d4 Nbd7 12. Re1 Be7 13. e4 O-O 14. Bd2 Qd8
15. a4 Rc8 16. Qa2 Re8 17. a5 Bf8 18. Bf4 h6 19. Red1 Qe7 20. Qc2 Red8 21. h3
Ne8 22. g4 Nd6 23. g5 Nc4 24. gxh6 Na3 25. Qc1 Nxb1 26. Qxb1 Qa3 27. h7+ Kxh7
28. Ng5+ Kg8 29. e5 g6 30. Nce4 Qb4 31. Qc2 Qc4 32. Qb1 Qb5 33. Qc1 Qc4 34. Qe3
Qe2 35. Qb3 Bc4 36. Qb1 Qa2 37. Qc1 c5 38. Rd2 Qa4 39. Qc3 Qb3 40. Qa1 Bd3 41.
d5 Qb1+ 42. Qxb1 Bxb1 43. dxe6 fxe6 44. Nxe6 Bxe4 45. Bxe4 Re8 46. Rxd7 Rxe6
47. Bd5 Rce8 48. Rxb7 Kh8 49. Bxe6 Rxe6 50. Rxa7 Rc6 51. a6 c4 52. Ra8 Kg7 53.
a7 Ra6 54. Be3 1-0

[Event "Olimpiada Calviá 2004"]
[Site "Calviá ESP"]
[Date "2004.10.22"]
[Round "7.28"]
[White "Gonzalez Zamora, Juan Carlo"]
[Black "Dao, Thien Hai"]
[Result "1/2-1/2"]
[WhiteElo "2524"]
[BlackElo "2601"]
[PlyCount "126"]
[EventDate "2004.10.15"]
[EventType "team"]
[EventRounds "14"]
[EventCountry "ESP"]
[Source "lmi"]
[SourceDate "2004.10.27"]

1. Nf3 d5 2. d4 c6 3. c4 e6 4. Qc2 Nf6 5. g3 dxc4 6. Qxc4 b5 7. Qc2 Bb7 8. Bg2
Nbd7 9. a4 c5 10. axb5 cxd4 11. O-O Bc5 12. Rd1 Rc8 13. Qa4 Nb6 14. Qxa7 Bd5
15. b4 Bd6 16. Ra6 Nfd7 17. Bg5 f6 18. Nxd4 Bb8 19. Bxd5 exd5 20. Qb7 Rc7 21.
Ne6 Rxb7 22. Nxd8 Kxd8 23. Be3 Nc4 24. Bd4 Ke7 25. Nc3 Kf7 26. Bc5 Ndb6 27. f4
Rd8 28. e4 Re8 29. exd5 Nc8 30. Kf2 N8d6 31. Rd4 h5 32. Rc6 Rd7 33. b6 Ne3 34.
h3 Nef5 35. Rd3 h4 36. g4 Ng3 37. Kf3 g5 38. fxg5 fxg5 39. Re3 Red8 40. Re6 Kg7
41. Ke3 Nf7 42. Kd4 Bf4 43. Kc4 Nf1 44. Kb5 Be5 45. Rxe5 Nxe5 46. Bd4 Re8 47.
Re6 Rxe6 48. dxe6 Rxd4 49. b7 Rd8 50. Ne4 Rb8 51. Kb6 Ng3 52. Nc5 Kf6 53. Kc7
Rxb7+ 54. Kxb7 Ne2 55. b5 Nd4 56. b6 Nxe6 57. Ne4+ Ke7 58. Kc8 Nd7 59. b7 Nb6+
60. Kb8 Nd7+ 61. Kc8 Nb6+ 62. Kb8 Nd7+ 63. Kc8 Nb6+ 1/2-1/2

[Event "Olimpiada Calviá 2004"]
[Site "Calviá ESP"]
[Date "2004.10.22"]
[Round "7.28"]
[White "Nguyen, Anh Dung"]
[Black "Espinosa, Rafael"]
[Result "0-1"]
[WhiteElo "2567"]
[BlackElo "2412"]
[PlyCount "54"]
[EventDate "2004.10.15"]
[EventType "team"]
[EventRounds "14"]
[EventCountry "ESP"]
[Source "lmi"]
[SourceDate "2004.10.27"]

1. e4 c5 2. Nf3 d6 3. d4 cxd4 4. Nxd4 Nf6 5. Nc3 g6 6. Be3 Bg7 7. f3 Nc6 8. Qd2
Bd7 9. O-O-O h5 10. Kb1 a6 11. Be2 b5 12. Nxc6 Bxc6 13. Nd5 Bxd5 14. exd5 Qd7
15. g3 O-O 16. h4 Rfe8 17. Bg5 Rac8 18. Bxf6 exf6 19. Rhg1 f5 20. Rde1 Re5 21.
f4 Re4 22. Bf3 Rd4 23. Qa5 Ra4 24. Qd2 Qc7 25. c3 b4 26. cxb4 Qc4 27. a3 Rxa3
0-1

[Event "Olimpiada Calviá 2004"]
[Site "Calviá ESP"]
[Date "2004.10.22"]
[Round "7.28"]
[White "Escobedo Tinajero, Alberto"]
[Black "Tu, Hoang Thong"]
[Result "1/2-1/2"]
[WhiteElo "2386"]
[BlackElo "2499"]
[PlyCount "24"]
[EventDate "2004.10.15"]
[EventType "team"]
[EventRounds "14"]
[EventCountry "ESP"]
[Source "lmi"]
[SourceDate "2004.10.27"]

1. d4 f5 2. Nf3 Nf6 3. g3 e6 4. Bg2 Be7 5. O-O O-O 6. c4 d6 7. Nc3 Qe8 8. Bg5
Nbd7 9. Bxf6 Nxf6 10. e3 Qh5 11. Re1 Bd7 12. Nd2 Qxd1 1/2-1/2

[Event "Olimpiada Calviá 2004"]
[Site "Calviá ESP"]
[Date "2004.10.22"]
[Round "7.28"]
[White "Nguyen, Van Huy"]
[Black "Almeida Saenz, Alfonso"]
[Result "1/2-1/2"]
[WhiteElo "2325"]
[BlackElo "2388"]
[PlyCount "68"]
[EventDate "2004.10.15"]
[EventType "team"]
[EventRounds "14"]
[EventCountry "ESP"]
[Source "lmi"]
[SourceDate "2004.10.27"]

1. e4 c5 2. Nf3 Nc6 3. d4 cxd4 4. Nxd4 Nf6 5. Nc3 e5 6. Ndb5 d6 7. Bg5 a6 8.
Na3 b5 9. Bxf6 gxf6 10. Nd5 Bg7 11. c3 f5 12. exf5 Bxf5 13. Nc2 O-O 14. Nce3
Bg6 15. h4 Be4 16. Bd3 Bxd5 17. Nxd5 f5 18. Bc2 Kh8 19. Rh3 e4 20. Kf1 Rb8 21.
Nf4 Qf6 22. Bb3 Rbe8 23. Qh5 Ne5 24. Rd1 Ng4 25. Rg3 e3 26. fxe3 Nxe3+ 27. Rxe3
Rxe3 28. Nd5 Qe5 29. Nxe3 Qxe3 30. Qf3 Qxf3+ 31. gxf3 Be5 32. Kf2 a5 33. a3 Kg7
34. Kg2 Kf6 1/2-1/2